000 00522nam a2200181Ia 4500
005 20230405114023.0
008 131103s9999 xx 000 0 und d
020 _cRs.125
040 _aLoreto College
041 _aEnglish
082 _a823.08
_bASI
245 4 _aThe mammoth book of golden age
_b science fiction
_cedited by Isaac Asimov,Charles G.Waugh and Martin H.Greenberge
260 _aBombay
_bJaico Publication
_c1991
300 _a[5],504 p.
700 _aAsimov,Isaac,ed.
850 _aLCLIB
942 _cBK
999 _c4562
_d55041